| 000 | 00664nam a22002172 4500 | ||
|---|---|---|---|
| 001 | 0000002323 | ||
| 005 | 20151217151850.0 | ||
| 008 | 070410s xx 000 0 eng d | ||
| 040 |
_aKABU _cKABU |
||
| 050 | 0 |
_aHF5718 _b.P63 2000 |
|
| 100 | 1 |
_aPoe, Roy W. _@0000151653 |
|
| 245 | 1 | 0 |
_aBusiness communication : _ba case method approach / _cRoy W. Poe and Rosemary T. Fruehling. |
| 250 | _a5th ed. | ||
| 260 |
_aDelhi : _bAITBS, _c2000. |
||
| 300 | _avii, 390 p. | ||
| 650 | 0 |
_aBusiness communication. _@0000148326 |
|
| 700 | 1 |
_aFruehling, Rosemary T. _@0000151593 |
|
| 908 | _a070410 | ||
| 950 | _@1 | ||
| 999 |
_c5789 _d5789 |
||